000 00792nam a2200277Ia 4500
003 OSt
005 20220918164730.0
006 a|||||r|||| 00| 0
007 ta
008 220917b |||||||| |||| 00| 0 eng d
020 _a0728601486 (pbk)
024 _a198,194
037 _cTextual
040 _aARTS
_cARTS
_beng
041 _2eng
_aeng
082 _aP152-168,N9, 111N0
100 _aShackle C
_920371
245 0 _aHindi and Urdu since 1800
_b A common reader
260 _aLondon
_bSchool of Oriental and African studies
_c1990
300 _axv, 222 p.
_ccm.
490 _aSoas South Asian Texts no. 1
650 _aLINGUISTICS
700 _a Snell R
_920372
942 _hP152-168,N9, 111N0
_cTEXL
_2CC
999 _c126250
_d126250